LEADER 01914nam a2200361 u 4500 001 000000002606 003 CaOOAMICUS 005 20070226104441.0 008 940514s1987 it h u000 u ita u 035 $a10065178 040 $aPUL(R)$bita 041 0 $aita$aara$agrc 110 2 $aCentro studi Sanguis Christi (Roma).$bSettimana$n(5 :$d1984 :$cRoma).$0(OLS)http://pul/name/2773 245 10$aSangue e antropologia :$briti e culto : atti della V settimana, Roma, 26 novembre-1 dicembre 1984 /$ca cura di Francesco Vattioni. 260 $aRoma :$bEdizioni Pia Unione Preziosissimo Sangue,$c1987. 300 $a3 v. :$bfacs. ;$c24 cm 490 1 $aSangue e antropologia ;$v5 490 1 $aCentro Studi Sanguis Christi ;$v5 500 $aTit. del v. 3: Indici degli Atti 1-5. 650 4$aSangue (religione, folklore ecc.)$xCongressi.$0(OLS)http://pul/subject/2330 700 1 $aVattioni, Francesco.$0(OLS)http://pul/name/2774 830 0$aSangue e antropologia ;$v5.$0(OLS)http://pul/title/3835 830 0$aCentro Studi Sanguis Christi ;$v5.$0(OLS)http://pul/title/3836 850 $aPUL 852 $aPUL$W1$xSL Religione 1$y3$m68 C 5a-c$j3477$nBK-PRI$b $qStampati$B3477$CPULBib$Z2$F3477 $H $81 852 $aPUL$W1$xSL Religione 1$y3$m68 C 5a-c$j3477$nBK-PRI$b $qStampati$B3478$CPULBib$Z2$F3478 $H $81 852 $aPUL$W1$xSL Religione 1$y3$m68 C 5a-c$j3477$nBK-PRI$b $qStampati$B3479$CPULBib$Z2$F3479 $H $81 941 1 $a8 961 $aINV: 73445-73446-73447 961 $aINV: 73445-73446-73447 961 $aINV: 73445-73446-73447 996 $6245$aSangue e antropologia :$briti e culto : atti della V settimana, Roma, 26 novembre-1 dicembre 1984$9(OLS)http://pul/title/3834 996 $6260$aRoma :$bEdizioni Pia Unione Preziosissimo Sangue$9(OLS)http://pul/publisher/49417 LEADER 01010naa a2200217 u 4500 001 000000095937 003 CaOOAMICUS 005 20070226130144.0 008 040715s1982 it u000 u eng u 020 $a8800851398 (v. 1) 035 $a11004556 040 $aIAR$bita 100 1 $aNovak, Michael,$d1933-2017.$0(OLS)http://pul/name/31524 245 11$a"E pluribus unum" :$bPerspectives of European common cultural action for unity in pluralism /$cMichael Novak. 260 $aFlorence :$bLe Monnier,$c1982. 300 $av.1, S. 245-252, ;$c21 cm 773 0 $aThe common Christian roots of the European nations.$gv. 1. 773 0 $tThe Common Christian roots of the European nations : an international colloquium in the Vatican$w()5837 996 $6020$a8800851398 (v. 1)$9(OLS)http://pul/number/7566 996 $6245$a"E pluribus unum" :$bPerspectives of European common cultural action for unity in pluralism$9(OLS)http://pul/title/122814 996 $6260$aFlorence :$bLe Monnier$9(OLS)http://pul/publisher/51024